Statistiche per Capitali degli Stati degli USA

Clicka qui per fare il quiz!

Statistiche generali

  • Questo quiz è stato fatto 420 volte
  • Il punteggio medio è 29 su 50

Statistiche sulle risposte

State Capital City % Corretto
ColoradoDenver
87%
CaliforniaSacramento
85%
MassachusettsBoston
82%
IndianaIndianapolis
78%
HawaiiHonolulu
78%
ArizonaPhoenix
76%
GeorgiaAtlanta
74%
AlaskaJuneau
74%
AlabamaMontgomery
73%
TexasAustin
73%
New YorkAlbany
70%
LouisianaBaton Rouge
68%
OklahomaOklahoma City
67%
IllinoisSpringfield
67%
ArkansasLittle Rock
64%
New MexicoSanta Fe
63%
FloridaTallahassee
63%
MontanaHelena
62%
MarylandAnnapolis
61%
UtahSalt Lake City
61%
NevadaCarson City
60%
OregonSalem
59%
VirginiaRichmond
58%
DelawareDover
58%
MississippiJackson
57%
NebraskaLincoln
57%
New JerseyTrenton
56%
TennesseeNashville
55%
IowaDes Moines
55%
North DakotaBismarck
54%
MissouriJefferson City
54%
OhioColumbus
53%
WashingtonOlympia
53%
MaineAugusta
51%
KansasTopeka
51%
Rhode IslandProvidence
50%
ConnecticutHartford
50%
South CarolinaColumbia
48%
MinnesotaSaint Paul
48%
WyomingCheyenne
48%
IdahoBoise
47%
New HampshireConcord
46%
KentuckyFrankfort
45%
West VirginiaCharleston
42%
MichiganLansing
40%
South DakotaPierre
37%
North CarolinaRaleigh
36%
WisconsinMadison
34%
VermontMontpelier
32%
PennsylvaniaHarrisburg
26%

Distribuzione punteggi

Percentile per numero di risposta

Percentuale di utenti per punteggio

I tuoi punteggi nel tempo

Non hai fatto questo quiz